[Event "Sharjah FIDE GP"]
[Site "Sharjah"]
[Date "2017.02.26"]
[Round "8"]
[White "Grischuk, Alexander"]
[Black "Mamedyarov, Shakhriyar"]
[Result "1-0"]
[WhiteElo "2742"]
[BlackElo "2766"]
[Annotator "Hillarp Persson,T"]
[PlyCount "120"]
[EventDate "2017.02.18"]
[EventType "swiss"]
[EventRounds "9"]
[EventCountry "UAE"]
[SourceTitle "CBM 177"]
[Source "ChessBase"]
[SourceDate "2017.03.16"]
[SourceVersion "1"]
[SourceVersionDate "2017.03.16"]
[SourceQuality "1"]

1. d4 Nf6 2. c4 e6 3. Nf3 d5 4. Nc3 c5 5. e3 ({The more popular line} 5. cxd5
Nxd5 (5... exd5 {leads to the Tarrasch Defence, when the early Nc3 somewhat
narrows White's options.}) 6. e4 Nxc3 7. bxc3 cxd4 8. cxd4 Bb4+ 9. Bd2 Bxd2+
10. Qxd2 O-O {is frequently seen at the top and leads to positions where White
has to keep up the pressure or accept an early draw. Grischuk's choice is more
of a let's-play-a-long-game-and-see-who's-best kind of move.}) 5... Nc6 6. cxd5
Nxd5 ({The alternative is to play} 6... exd5 {, when} 7. Bb5 Bd6 8. O-O O-O 9.
dxc5 ({Karpov played some marvellous games with} 9. h3 {in the nineties.}) 9...
Bxc5 10. b3 Bg4 11. Bb2 {leads to positions where White keeps some positional
pressure without taking much of a risk.}) 7. Bd3 (7. Bc4 {is another standard
move that has become less popular. The reason might be that after} cxd4 8. exd4
Be7 9. O-O O-O 10. Re1 Bf6 {White has run out of practical moves that don't
involve moving either Bc4 or Nc3 and after} 11. Ne4 b6 {is it suddenly quite
unclear why the bishop was any better off on c4. It should have been in order
to undermine d5, but d5 stays solid:} 12. Nxf6+ Nxf6 13. Bg5 Bb7 14. d5 Na5 $1)
7... cxd4 8. exd4 Bb4 ({Black can also play} 8... Be7 9. O-O O-O 10. Re1 Bf6 {
, when} 11. Be4 Nce7 12. Qd3 g6 (12... h6 13. Ne5 Nxc3 14. Qxc3 Nf5 {has a
solid reputation.}) 13. Bh6 Bg7 {has been played many times. The latest
encounter on a high level went:} 14. Bg5 $5 f6 (14... Qd6 {is suggested by
Krasenkow in CBM.}) 15. Bd2 Nxc3 16. Qxc3 $1 ({Necessary, since} 16. bxc3 $2 f5
{is losing.}) 16... Nd5 17. Qb3 b6 18. Bb4 $1 Rf7 19. Nd2 Bb7 20. Ba3 Qd7 (
20... Rc7 $5) 21. Nc4 Bf8 22. Bxf8 Rfxf8 23. g3 Rac8 24. Bg2 Kg7 25. a4 Rfd8
26. a5 b5 $6 27. Nd2 {Ding,L (2778)-Bu,X (2723) Danzhou 2016, when White
managed to squeeze out a win with help from the weak c5-square.}) 9. O-O $1 {
Although this isn't exactly a novelty, it is the first time someone has tried
it at such a high level. It makes a lot of sense to play this move if it isn't
good for Black to take the pawn. So, is it?} ({A famous option is} 9. Qc2 Ba5
10. a3 Nxc3 11. bxc3 Nxd4 12. Nxd4 Qxd4 13. Bb5+ Bd7 14. O-O $13 {which has
been played in more than a hundred tournament games.}) (9. Bd2 {is another
recurring move.}) 9... O-O {It seems that Mamedyarov didn't fancy entering a
position where Grischuk might have something sharp prepared. Still, this move
surprised me, as it give White virtually an extra tempo over the lines where
White protects c3.} ({Logical continuations like} 9... Nxc3 10. bxc3 Bxc3 11.
Rb1 {and}) (9... Bxc3 10. bxc3 Nxc3 11. Qb3 {leave White with a strong
initiative for the pawn. A correspondence game continued:} Nd5 12. Ba3 Qb6 13.
Bb5 a6 14. Bxc6+ bxc6 15. Qa4 f6 16. Nd2 {Panyushkin,B (2280)-Wuttke,J (2221)
ICCF 2012, followed by Nc4, gave White a nasty initiative.}) ({The game
Nikolenko,O (2534)-Kharitonov,A (2548) Moscow 2010, saw} 9... h6 {; a move
that aims to once again force White into protecting c3. However, White
continued in logical fashion with} 10. Bc2 $1 {and Black soon found himself in
a bad situation:} Be7 {(now Black has lost 2 (!!) tempi on a normal line)} (
10... Bxc3 11. bxc3 Nxc3 12. Qd3 Nd5 {looks logical and might even set a
question mark on whether it was such a great idea to play Bc2.}) 11. a3 Nf6 12.
Qd3 b6 13. Ba4 Bd7 14. d5 exd5 15. Nxd5 Ne5 16. Nxf6+ Bxf6 17. Bxd7+ Nxd7 18.
Rd1 Qc7 19. Qe4+ {and Black resigned.}) 10. Bc2 {The World Blitz 2016 saw 2
games with this position, though through a different move order where Black
played 0-0 before Nc6. This make the sacrifice of a pawn at c3 less strange,
as there is a Bxh7+/Qc2 tactic that works for White.} Bd7 (10... Be7 11. Qd3 g6
12. a3 Nxc3 (12... Qb6 $5) 13. bxc3 b6 14. Re1 Bb7 15. h4 $6 {Typical idea,
although more common before Black plays g6.} Bxh4 16. Nxh4 Qxh4 17. Re3 Ne7 $2
18. Rg3 $1 {Black's queen is in trouble.} Nf5 19. Bg5 Qh5 20. Bd1 Nxg3 21. Qxg3
{1-0 (21) So,W (2770)-Nakamura,H (2785) Ultimate Blitz Challenge 2016}) (10...
Nf6 11. Re1 h6 12. Qd3 Bd6 13. Ne4 Nxe4 14. Qxe4 f5 15. Qe2 Nb4 16. Bb3 Nd5 17.
Bd2 Bd7 18. Ne5 Rf6 19. Qf3 Bc6 20. Nxc6 bxc6 21. Rac1 Rc8 22. Rc2 Qb6 $2 23.
Rxe6 $1 {1-0 (23) Ivanchuk,V (2745)-Anand,V (2775) World Blitz 2016}) 11. a3
Bxc3 ({It is a question of taste whether one prefers} 11... Be7 {or the move
in the game. However, after retreating the bishop Black is a tempo down (a3)
on a line where Be7 is played immediately on move 8. Does that mean that it is
bad? No, not really, but Bd7 looks pretty passive.}) 12. Qd3 f5 $5 {A
principled defence. Mamdeyarov is giving up some dark squares in order to be
able to control the light squares.} 13. bxc3 b5 $1 14. a4 $1 {Fighting back.
If Black can get a solid grip on c4, then White has no hope of winning the
game.} a6 ({The engine comes up with} 14... Rc8 $5 15. axb5 Na5 {, when
Black's grip on the light squares makes it hard for White to claim anything
but a modest advantage. After} 16. Bd2 Nc4 17. Bb3 Bxb5 18. Rfc1 a6 {there's a
lot to be played for still.}) 15. Re1 Qc7 16. Ng5 $5 {In a sense this is a
difficult position for White, since there are so many good moves to chose from.
You know that you are better and want to find a move that proves it. And,
while you find one after another move that is just that; better, you fail to
find one that is better than the rest. The clock ticks...} ({Instead, the
natural} 16. Bb3 {, leads to a forced variation:} Na5 17. Bxd5 exd5 18. Ba3
Rfe8 19. axb5 axb5 20. Bb4 Nc4 {, where it is not clear that White's advantage
will win the game.}) 16... Qd6 ({There is something to be said for the
seemingly passive} 16... Nd8 {, as it gains a tempo on the c3-pawn and thus a
tempo for the defence. After} 17. Bd2 Rc8 {Black is set to take on a4 and swap
off as much as possible of the queenside. With the queenside gone, Black's
chances of survival increase rapidly, as there is only one weakness in his
position (e5).}) 17. Qd2 $5 {A very strange move that I would sure have put a
"?!" to, if it wasn't that my respect for this guy is just too big for that. I
guess he had a chat with his pieces and the queen said: "I don't belong here"..
. "but I still need to keep an eye on c3". Perhaps what happened was quite
another story.} ({The simple} 17. Bb3 {looks like a good alternative. To my
understanding, after f5 is played, the bishop on c2 is more misplaced than the
queen.}) 17... h6 18. Nf3 {Back to square... f3.} Rfc8 {Black has managed to
get some coordination and is closing in on equality. White must act
energetically.} 19. Ba3 $1 Qf4 ({After} 19... b4 20. cxb4 Ncxb4 21. Bb3 a5 22.
Ne5 {Black has not been able to swap the a-pawns, which makes the vulnerable
e5-square mush more of a problem. Later on it is quite likely that a5 will
become a "second weakness".}) 20. Qxf4 $5 {A human and strong move. The
resulting middle-endgame is no fun at all for Black.} ({It was also possible
to play} 20. Qd3 {, but then White would face more of the same dilemmas that
occurred on move 16.}) 20... Nxf4 21. Bc5 {Ahhhh, the bishop said. Earlier
this was White's most passive piece, but now it has found a nice outpost.} Na5
22. Ne5 Be8 23. g3 Nd5 {.} 24. Ra3 $1 {I played billiards the other day with a
friend who used to be at the top of her sport. She said that you could easily
recognize a good billiard player from a distance; in how they held the cue and
in how they leaned down when taking a shot. In chess I believe it is a clear
sign of a strong player, that they do not exchange pawns unless it is called
for. Many amateurs would have exchanged on b5 a long time ago, but a strong
player realises that Black has only two options with the b-pawn; either to
take on a4, thus leaving White with a strong c-pawn (and Black with a weak
a-pawn); or to play b4, when the exchange of the b- and c-pawns will leave the
a-pawns still on the board. With the a-pawns still on the board, White's
advantage is bigger.} bxa4 $1 {So, Black went for the first of the options and
now the c-pawn becomes a real menace.} 25. c4 Nf6 26. Bxa4 Bxa4 27. Rxa4 Nc6
28. Nd3 $6 {This lets Black back into the game.} ({The simple} 28. Nxc6 Rxc6
29. Ba3 {leaves White with some advantage, although it should be manageable
for Black. Mamedyarov has defended very well up until now.}) 28... Ne4 29. Bb6
Rcb8 $6 {Another small mistake and White takes a hold on the initiative again.}
({Here} 29... a5 $1 30. f3 (30. c5 $6 Nc3 $1 {, followed by Nb5 and Nbxd4, is
good for Black.}) 30... Rab8 31. fxe4 Rxb6 {is about equal. For instance} 32.
d5 Nb4 33. Nxb4 axb4 34. dxe6 Rxe6 35. Rxb4 fxe4 {with equality.}) 30. c5 Kf7
$1 ({Now} 30... Nc3 {doesn't work anymore since the knight is unstable on c6
after} 31. Rc4 Nb5 32. Rxe6) 31. Rea1 Nc3 32. Rxa6 Rxa6 33. Rxa6 Ne2+ 34. Kg2
Nexd4 {Black has kept White's advantage to a minimum and should be able to
draw.} 35. Bc7 $1 Rc8 36. Bd6 g5 $1 37. f4 {A surprising move. I would have
played f3, in order to still keep an eye on the light squares. Grischuk seems
mostly intent on getting his king out of the box.} gxf4 $2 {Now this move I do
not like. Why give the white king more scope?} ({After} 37... g4 38. Kf2 Nf3
39. h3 h5 40. Ke3 Ke8 {the engine doesn't spot a way forward for White and me
neither.}) 38. gxf4 Ke8 39. Rb6 {!!? A very tricky move at a very tricky
moment.} ({White is better after} 39. Kg3 Kd7 40. Kh4 Nf3+ 41. Kh5 Nxh2 42. Rb6
(42. Kxh6 Ng4+ 43. Kg7 e5 $1) 42... Ng4 43. Rb7+ Ke8 44. Rg7 {, but it is not
a good moment to enter a long forced line on move 39, unless one knows exactly
what will happen there.}) 39... Ra8 40. Ne5 $1 {Suddenly Black's troubles
become very real.} Ra2+ $1 (40... Rc8 41. Nxc6 Nxc6 (41... Rxc6 42. Be5 $1 {
is quite beautiful.}) 42. Rb7 {and Black is miserably passive.}) 41. Kg3 Ra3+
42. Kg2 Ra2+ 43. Kg3 Ra3+ 44. Kh4 $1 Nxe5 45. Bxe5 ({Not} 45. fxe5 $2 Rc3 {
, when Black's f-pawn is as strong, if not more so, than White's c-pawn.})
45... Nf3+ 46. Kh5 Nxe5 47. fxe5 Kd7 48. Kg6 f4 $2 {The losing move.} ({
The rocky road towards the draw goes:} 48... Re3 $1 {It is important to lure
the king to the f-file, where it will be in the way of the rook when the
f5-pawn starts running.} 49. Kf6 f4 50. Rxe6 (50. Rd6+ Kc7 51. Kxe6 f3 52. Kd5
Rd3+ 53. Ke4 f2 54. Rf6 Rd2 55. h4 Re2+ 56. Kd5 h5 57. Rf7+ Kd8 58. Ke6 Kc8 59.
Rf3 Kc7 60. Kf6 Kc6 61. e6 Kxc5 62. e7 Kd6 {with a draw.}) 50... f3 51. Rd6+
Kc7 52. Rd1 f2 53. Rf1 Rf3+ 54. Kg7 Kd7 55. h4 h5 56. Kg6 Ke6 57. c6 Kxe5 58.
c7 Rc3 59. Rxf2 Rxc7 {and again, we have reached a drawn position.}) 49. Rd6+
Ke7 $2 (49... Kc7 $1 50. Rxe6 Re3 51. Rf6 Rxe5 52. Kxh6 Rxc5 53. Rxf4 Kd7 {
is still a draw.}) 50. c6 f3 (50... Ra7 51. Kxh6 f3 52. Rd3 $18) 51. Rd7+ Ke8
52. Rf7 Rc3 53. c7 h5 54. Rxf3 Rxc7 55. Rh3 $1 {The last key to the win. The
king can not be kept out of f6 for ever.} Kd7 (55... Rf7 56. Rxh5 Rf1 57. h4
Rf2 58. Rh7 Rf5 59. Rh8+ Ke7 60. Rh5 Rf1 61. Rh7+ Kf8 62. h5 Rf2 63. Ra7 {
and Black can only buy more time by giving up the e-pawn.}) 56. Rxh5 Rc4 57.
Rh7+ Kc6 58. Kf6 Kd5 59. Rd7+ Ke4 60. Rd1 Rc2 1-0

[Event "chess.com blitz 1m+1spm"]
[Site "Chess.com INT"]
[Date "2017.08.03"]
[Round "1.25"]
[White "Rapport, Richard"]
[Black "Grischuk, Alexander"]
[Result "1-0"]
[WhiteElo "2698"]
[BlackElo "2750"]
[PlyCount "93"]
[EventDate "2017.05.03"]
[EventType "k.o. (blitz)"]
[EventRounds "4"]
[EventCountry "USA"]
[SourceTitle "EXT 2018"]
[Source "ChessBase"]
[SourceDate "2017.10.13"]
[SourceVersion "1"]
[SourceVersionDate "2017.10.13"]
[SourceQuality "1"]

1. d4 Nf6 2. Nc3 d5 3. Bf4 e6 4. e3 Bb4 5. Nge2 Nh5 6. a3 Be7 7. Be5 Nd7 8. g4
Nhf6 9. Bf4 O-O 10. Ng3 c5 11. g5 Ne8 12. h4 Bd6 13. Bxd6 Nxd6 14. Bd3 f5 15.
Nh5 b6 16. Nf4 Qe7 17. Nb5 Nxb5 18. Bxb5 Nb8 19. c3 Ba6 20. a4 Bxb5 21. axb5 a5
22. dxc5 bxc5 23. Nxd5 Qb7 24. Nf6+ gxf6 25. Rg1 fxg5 26. Rxg5+ Kh8 27. Qd6 Nd7
28. O-O-O Nf6 29. Qxe6 Qxb5 30. Rxf5 Rab8 31. b4 Qb6 32. Rd6 Qb7 33. Rxf6 Rfe8
34. Qd7 cxb4 35. Rf7 Qxd7 36. Rdxd7 b3 37. Rxh7+ Kg8 38. Rhg7+ Kh8 39. Kb2 a4
40. Rh7+ Kg8 41. Rdg7+ Kf8 42. Ra7 Kg8 43. Rhg7+ Kh8 44. Rh7+ Kg8 45. Rh5 Ra8
46. Rha5 Rxa7 47. Rxa7 1-0

[Event "chess.com blitz 5m+2spm"]
[Site "Chess.com INT"]
[Date "2017.08.03"]
[Round "1.2"]
[White "Grischuk, Alexander"]
[Black "Rapport, Richard"]
[Result "1-0"]
[WhiteElo "2750"]
[BlackElo "2698"]
[PlyCount "43"]
[EventDate "2017.05.03"]
[EventType "k.o. (blitz)"]
[EventRounds "4"]
[EventCountry "USA"]
[SourceTitle "EXT 2018"]
[Source "ChessBase"]
[SourceDate "2017.10.13"]
[SourceVersion "1"]
[SourceVersionDate "2017.10.13"]
[SourceQuality "1"]

1. e4 d5 2. exd5 Qxd5 3. Nc3 Qa5 4. d4 Nf6 5. Bc4 Bg4 6. Nge2 e6 7. Bd2 c6 8.
f3 Bf5 9. g4 Bg6 10. Nf4 Qb6 11. Bb3 Qxd4 12. Qe2 Bd6 13. Be3 Qb4 14. a3 Qa5
15. h4 e5 16. O-O-O Be7 17. h5 Bxc2 18. Kxc2 exf4 19. Bxf4 Na6 20. Rhe1 O-O 21.
Qxe7 Rae8 22. Qd6 1-0

[Event "chess.com blitz 5m+2spm"]
[Site "Chess.com INT"]
[Date "2017.08.03"]
[Round "1.5"]
[White "Rapport, Richard"]
[Black "Grischuk, Alexander"]
[Result "1/2-1/2"]
[WhiteElo "2698"]
[BlackElo "2750"]
[PlyCount "69"]
[EventDate "2017.05.03"]
[EventType "k.o. (blitz)"]
[EventRounds "4"]
[EventCountry "USA"]
[SourceTitle "EXT 2018"]
[Source "ChessBase"]
[SourceDate "2017.10.13"]
[SourceVersion "1"]
[SourceVersionDate "2017.10.13"]
[SourceQuality "1"]

1. d4 Nf6 2. Nc3 d5 3. Bf4 e6 4. e3 Bb4 5. Nge2 Nh5 6. a3 Be7 7. Be5 Nd7 8. Ng3
Nhf6 9. Bf4 a6 10. Bd3 c5 11. O-O O-O 12. Re1 b5 13. Nh5 Bb7 14. Nxf6+ Nxf6 15.
dxc5 Bxc5 16. e4 dxe4 17. Nxe4 Bxe4 18. Bxe4 Qxd1 19. Raxd1 Nxe4 20. Rxe4 Rfd8
21. Ree1 Kf8 22. Kf1 Ke7 23. Ke2 f6 24. Be3 Bxe3 25. Kxe3 g5 26. h4 gxh4 27.
Rxd8 Rxd8 28. Rh1 Rc8 29. Rxh4 Rxc2 30. Rxh7+ Kd6 31. Ra7 Rxb2 32. Rxa6+ Ke5
33. a4 Rb3+ 34. Ke2 bxa4 35. Rxa4 1/2-1/2

[Event "Moscow FIDE GP"]
[Site "Moscow"]
[Date "2017.05.13"]
[Round "2"]
[White "Grischuk, Alexander"]
[Black "Tomashevsky, Evgeny"]
[Result "1/2-1/2"]
[WhiteElo "2750"]
[BlackElo "2696"]
[PlyCount "29"]
[EventDate "2017.05.12"]
[EventType "swiss"]
[EventRounds "9"]
[EventCountry "RUS"]
[SourceTitle "CBM 179"]
[Source "ChessBase"]
[SourceDate "2017.07.12"]
[SourceVersion "1"]
[SourceVersionDate "2017.07.12"]
[SourceQuality "1"]

1. e4 e5 2. Nf3 Nc6 3. Bb5 a6 4. Ba4 Nf6 5. d3 Bc5 6. c3 d6 7. O-O Ba7 8. Re1
O-O 9. h3 Ne7 10. Nbd2 Ng6 11. Nf1 c6 12. Ng3 d5 13. Bb3 dxe4 14. dxe4 Qxd1 15.
Rxd1 1/2-1/2

[Event "Moscow FIDE GP"]
[Site "Moscow"]
[Date "2017.05.18"]
[Round "6"]
[White "Grischuk, Alexander"]
[Black "Svidler, Peter"]
[Result "1/2-1/2"]
[WhiteElo "2750"]
[BlackElo "2755"]
[PlyCount "29"]
[EventDate "2017.05.12"]
[EventType "swiss"]
[EventRounds "9"]
[EventCountry "RUS"]
[SourceTitle "CBM 179"]
[Source "ChessBase"]
[SourceDate "2017.07.12"]
[SourceVersion "1"]
[SourceVersionDate "2017.07.12"]
[SourceQuality "1"]

1. Nf3 Nf6 2. c4 c5 3. d4 cxd4 4. Nxd4 Nc6 5. Nc3 e6 6. g3 Qb6 7. Ndb5 Ne5 8.
Bg2 a6 9. Na3 Bxa3 10. bxa3 Nxc4 11. O-O Qc5 12. Na4 Qb5 13. Nc3 Qc5 14. Na4
Qb5 15. Nc3 1/2-1/2

[Event "Moscow FIDE GP"]
[Site "Moscow"]
[Date "2017.05.19"]
[Round "7"]
[White "Mamedyarov, Shakhriyar"]
[Black "Grischuk, Alexander"]
[Result "1/2-1/2"]
[WhiteElo "2772"]
[BlackElo "2750"]
[PlyCount "32"]
[EventDate "2017.05.12"]
[EventType "swiss"]
[EventRounds "9"]
[EventCountry "RUS"]
[SourceTitle "CBM 179"]
[Source "ChessBase"]
[SourceDate "2017.07.12"]
[SourceVersion "1"]
[SourceVersionDate "2017.07.12"]
[SourceQuality "1"]

1. d4 Nf6 2. c4 e6 3. Nf3 b6 4. g3 Bb7 5. Bg2 Bb4+ 6. Bd2 Be7 7. Nc3 c6 8. e4
d5 9. exd5 cxd5 10. Ne5 O-O 11. O-O Nc6 12. cxd5 Nxe5 13. dxe5 Nxd5 14. Rc1
Nxc3 15. Bxc3 Bxg2 16. Kxg2 Qc8 1/2-1/2

[Event "Moscow FIDE GP"]
[Site "Moscow"]
[Date "2017.05.20"]
[Round "8"]
[White "Grischuk, Alexander"]
[Black "Nakamura, Hikaru"]
[Result "1/2-1/2"]
[WhiteElo "2750"]
[BlackElo "2786"]
[PlyCount "48"]
[EventDate "2017.05.12"]
[EventType "swiss"]
[EventRounds "9"]
[EventCountry "RUS"]
[SourceTitle "CBM 179"]
[Source "ChessBase"]
[SourceDate "2017.07.12"]
[SourceVersion "1"]
[SourceVersionDate "2017.07.12"]
[SourceQuality "1"]

1. d4 Nf6 2. c4 e6 3. g3 d5 4. Bg2 Bb4+ 5. Nd2 O-O 6. Ngf3 dxc4 7. a3 Bxd2+ 8.
Bxd2 Nc6 9. e3 Rb8 10. O-O b5 11. b3 cxb3 12. Qxb3 Bb7 13. Rfc1 Ne7 14. Bb4 Re8
15. Ne5 Nd7 16. Bxe7 Rxe7 17. Nc6 Bxc6 18. Rxc6 Nf6 19. Ra6 c5 20. dxc5 Qc8 21.
Rc6 Rc7 22. Rxc7 Qxc7 23. c6 a5 24. Rc1 h6 1/2-1/2

[Event "Moscow FIDE GP"]
[Site "Moscow"]
[Date "2017.05.21"]
[Round "9"]
[White "Giri, Anish"]
[Black "Grischuk, Alexander"]
[Result "1/2-1/2"]
[WhiteElo "2785"]
[BlackElo "2750"]
[PlyCount "115"]
[EventDate "2017.05.12"]
[EventType "swiss"]
[EventRounds "9"]
[EventCountry "RUS"]
[SourceTitle "CBM 179"]
[Source "ChessBase"]
[SourceDate "2017.07.12"]
[SourceVersion "1"]
[SourceVersionDate "2017.07.12"]
[SourceQuality "1"]

1. c4 e5 2. Nc3 Bb4 3. Nd5 Bc5 4. e3 Nf6 5. b4 Nxd5 6. bxc5 Nf6 7. Nf3 Qe7 8.
Be2 e4 9. Nd4 Na6 10. g4 Nxc5 11. Nf5 Qf8 12. g5 d6 13. Ng3 Nfd7 14. Qc2 Qe7
15. Bb2 Ne5 16. Nxe4 Bf5 17. f3 Nxf3+ 18. Bxf3 Bxe4 19. Bxe4 Qxe4 20. Qxe4+
Nxe4 21. Rg1 O-O 22. Bd4 f6 23. gxf6 Nxf6 24. Ke2 b6 25. a4 a5 26. Raf1 Nh5 27.
e4 Rxf1 28. Rxf1 Rf8 29. Rxf8+ Kxf8 30. e5 Ke7 31. Kf3 dxe5 32. Bxe5 Kd7 33. d4
Nf6 34. Kf4 Ne8 35. Ke4 Nd6+ 36. Kd3 g6 37. Bf4 Nf5 38. Bd2 Nd6 39. c5 Nb7 40.
Be3 bxc5 41. dxc5 Kc6 42. Kc4 Nd8 43. Bd2 Nb7 44. Be3 g5 45. Bxg5 Nxc5 46. Bd2
Nxa4 47. Bxa5 Nb6+ 48. Kd4 Kd6 49. Ke4 Ke6 50. Kd4 Kf5 51. Kc5 Kg4 52. Kc6 Kh3
53. Kxc7 Nc4 54. Bc3 Kxh2 55. Kc6 Ne3 56. Bd2 Ng4 57. Kd5 h5 58. Bg5 1/2-1/2

[Event "Paris GCT Blitz"]
[Site "Paris"]
[Date "2017.06.25"]
[Round "10"]
[White "Grischuk, Alexander"]
[Black "Topalov, Veselin"]
[Result "1-0"]
[WhiteElo "2761"]
[BlackElo "2749"]
[PlyCount "83"]
[EventDate "2017.06.21"]
[EventType "tourn (blitz)"]
[EventRounds "18"]
[EventCountry "FRA"]
[EventCategory "22"]
[SourceTitle "CBM 179"]
[Source "ChessBase"]
[SourceDate "2017.07.12"]
[SourceVersion "1"]
[SourceVersionDate "2017.07.12"]
[SourceQuality "1"]

1. e4 c5 2. Nf3 d6 3. d4 cxd4 4. Nxd4 Nf6 5. Nc3 a6 6. Be3 e5 7. Nf3 Be7 8. Bc4
O-O 9. O-O Nc6 10. Bg5 Be6 11. Bb3 Nd7 12. Bxe7 Qxe7 13. Nd5 Qd8 14. Qe2 Nc5
15. Rfd1 h6 16. Qe3 Nxb3 17. axb3 Ne7 18. Nb6 Rb8 19. Nxe5 Qc7 20. Nec4 Rbd8
21. Qg3 Bxc4 22. Nxc4 Qc6 23. h3 d5 24. exd5 Nxd5 25. Qf3 Rfe8 26. Na5 Qf6 27.
Nxb7 Qxf3 28. gxf3 Rb8 29. Rxd5 Rxb7 30. Rxa6 Re2 31. Rc6 Rbe7 32. Kg2 Re1 33.
h4 Rb1 34. h5 Rxb2 35. Rc8+ Kh7 36. Rdd8 g5 37. Rh8+ Kg7 38. Rcg8+ Kf6 39.
Rxh6+ Kf5 40. Rc6 Rb1 41. Rc5+ Kf6 42. Rgxg5 1-0

[Event "Paris GCT Blitz"]
[Site "Paris"]
[Date "2017.06.25"]
[Round "13"]
[White "So, Wesley"]
[Black "Grischuk, Alexander"]
[Result "1-0"]
[WhiteElo "2812"]
[BlackElo "2761"]
[PlyCount "99"]
[EventDate "2017.06.21"]
[EventType "tourn (blitz)"]
[EventRounds "18"]
[EventCountry "FRA"]
[EventCategory "22"]
[SourceTitle "CBM 179"]
[Source "ChessBase"]
[SourceDate "2017.07.12"]
[SourceVersion "1"]
[SourceVersionDate "2017.07.12"]
[SourceQuality "1"]

1. Nf3 Nf6 2. c4 g6 3. Nc3 Bg7 4. e4 d6 5. d4 O-O 6. Be2 e5 7. O-O Nc6 8. d5
Ne7 9. Ne1 Nd7 10. f3 f5 11. Be3 f4 12. Bf2 g5 13. Rc1 Ng6 14. c5 Nxc5 15. b4
Na6 16. Nb5 Bd7 17. a4 h5 18. Nd3 Rf7 19. Rc4 Bf8 20. Kh1 Rg7 21. Rg1 Nh8 22.
g3 fxg3 23. Rxg3 Nf7 24. Qc1 g4 25. fxg4 hxg4 26. Nxc7 Nxc7 27. Rxc7 Rc8 28.
Rxc8 Bxc8 29. Bxa7 Bd7 30. Be3 Qh4 31. Nf2 Kh8 32. Qg1 Bxa4 33. Bxg4 Kg8 34.
Be6 Bb5 35. Rxg7+ Bxg7 36. Qg6 Qf6 37. Qxf6 Bxf6 38. Ng4 Kg7 39. Kg2 Ng5 40.
Bf5 Be2 41. Kg3 Bd8 42. h4 Nf3 43. Bh6+ Kf7 44. h5 Bh4+ 45. Kg2 Ng5 46. Bg6+
Ke7 47. Ne3 Bf3+ 48. Kh2 Kf6 49. Nf5 Bxe4 50. Bg7# 1-0